[Event "Fortaleza Gadelha Memorial"]
[Site "Fortaleza"]
[Date "2019.08.17"]
[Round "4"]
[White "Lima, Antonio Stenio Patr"]
[Black "Mateus, Janete de Alcantara"]
[Result "1/2-1/2"]
[WhiteElo "1760"]
[BlackElo "1850"]
[PlyCount "167"]
[EventDate "2019.08.15"]
[EventType "swiss"]
[EventRounds "7"]
[EventCountry "BRA"]
[SourceTitle "CBM 191 Extra"]
[Source "ChessBase"]
[SourceDate "2019.09.30"]
[SourceVersion "1"]
[SourceVersionDate "2019.09.30"]
[SourceQuality "1"]

1. e4 e5 2. Nf3 Nc6 3. Bb5 a6 4. Ba4 Nf6 5. 0-0 Be7 6. Re1 b5 7. Bb3 0-0 8. c3 d5 9. exd5 Nxd5 10. d4 exd4 11. Nxd4 Nxd4 12. Qxd4 Bb7 13. Nd2 c5 14. Qe4 Bf6 15. Bc2 g6 16. Nf3 Qd7 17. Qd3 c4 18. Qd1 Rfd8 19. Nd4 Qc7 20. Qg4 Bc8 21. Qf3 Be5 22. h3 b4 23. Bd2 bxc3 24. bxc3 Rb8 25. Rab1 Bb7 26. Qg4 Bg7 27. Ne2 Nf6 28. Bf4 Qc6 29. Qf3 Qd7 30. Qe3 Re8 31. Qg3 Nh5 32. Qh2 Nxf4 33. Qxf4 Be5 34. Qxc4 Rbc8 35. Qd3 Qc6 36. Qf3 Qxf3 37. gxf3 Bxf3 38. Ba4 Red8 39. Nd4 Bxd4 40. cxd4 Rxd4 41. Bb3 Rc7 42. Re3 Bb7 43. Rbe1 Rcd7 44. Re7 Kf8 45. Re8+ Kg7 46. R8e7 Kf6 47. R7e5 Bc6 48. Kh2 h5 49. Kg3 h4+ 50. Kh2 Rf4 51. Kg1 Rf3 52. R5e3 Rf4 53. Re5 Ba4 54. R5e4 Rd4 55. Rxd4 Rxd4 56. Re3 Bxb3 57. axb3 a5 58. Kg2 Kf5 59. Rf3+ Rf4 60. Rc3 Kg5 61. Rc5+ Rf5 62. Rc3 Rb5 63. Rf3 f5 64. Rc3 Kh5 65. Kf3 g5 66. Kg2 g4 67. Rd3 Kg5 68. Rc3 f4 69. hxg4 Kxg4 70. Rd3 Rg5 71. Rc3 Rf5 72. f3+ Kg5 73. Kh3 Kh5 74. Rc8 Rb5 75. Rc3 Rg5 76. Kh2 Rd5 77. Kh3 Kg5 78. Kg2 Re5 79. Kh3 Re3 80. Rc5+ Kf6 81. Kxh4 Rxf3 82. Rxa5 Rxb3 83. Kg4 f3 84. Kg3 1/2-1/2

[Event "Fortaleza Gadelha Memorial"]
[Site "Fortaleza"]
[Date "2019.08.15"]
[Round "1"]
[White "Mateus, Janete de Alcantara"]
[Black "Laroca, Alvaro Ney"]
[Result "1-0"]
[WhiteElo "1850"]
[BlackElo "1443"]
[PlyCount "87"]
[EventDate "2019.08.15"]
[EventType "swiss"]
[EventRounds "7"]
[EventCountry "BRA"]
[SourceTitle "CBM 191 Extra"]
[Source "ChessBase"]
[SourceDate "2019.09.30"]
[SourceVersion "1"]
[SourceVersionDate "2019.09.30"]
[SourceQuality "1"]

1. c4 Nf6 2. Nc3 e5 3. g3 c6 4. Bg2 Bc5 5. Nf3 d6 6. 0-0 h5 7. d3 Be6 8. Bg5 Nbd7 9. a3 Bb6 10. b4 Qc7 11. a4 a6 12. a5 Ba7 13. Bxf6 Nxf6 14. e3 Ng4 15. Qe2 f6 16. d4 0-0-0 17. d5 Bd7 18. b5 cxb5 19. cxb5 axb5 20. Rfc1 Bc5 21. Nxb5 Qb8 22. Rc3 Rde8 23. Nxd6+ Qxd6 24. Rac1 Kd8 25. Rxc5 Ke7 26. Nh4 f5 27. h3 g5 28. Nf3 Rc8 29. Rxc8 Rxc8 30. Rxc8 Bxc8 31. hxg4 hxg4 32. Nxg5 Qg6 33. Qc4 Kd8 34. Ne6+ Bxe6 35. dxe6 Ke7 36. Bxb7 e4 37. Qc7+ Kxe6 38. Qc6+ Kf7 39. Qxg6+ Kxg6 40. a6 Kg5 41. a7 Kf6 42. a8Q Kg7 43. Bxe4 fxe4 44. Qxe4 1-0

[Event "Quixada Sertao op 8th"]
[Site "Quixada"]
[Date "2019.07.14"]
[Round "5"]
[White "Mateus, Janete de Alcantara"]
[Black "Nascimento, Francisco Lucieudo"]
[Result "1-0"]
[WhiteElo "1850"]
[BlackElo "1777"]
[PlyCount "69"]
[EventDate "2019.07.12"]
[EventType "swiss"]
[EventRounds "6"]
[EventCountry "BRA"]
[SourceTitle "EXT 2020"]
[Source "ChessBase"]
[SourceDate "2019.10.17"]
[SourceVersion "1"]
[SourceVersionDate "2019.10.17"]
[SourceQuality "1"]

1. c4 e5 2. Nc3 Nf6 3. g3 Bb4 4. Bg2 0-0 5. Qb3 Bxc3 6. bxc3 c6 7. Nf3 Re8 8. 0-0 d5 9. cxd5 cxd5 10. d3 Nc6 11. Bb2 Qb6 12. Qc2 Bf5 13. Nh4 Be6 14. Rab1 Rac8 15. Ba1 Qa6 16. Qd2 b6 17. Nf3 e4 18. Ng5 exd3 19. exd3 Ne5 20. c4 Ng6 21. Nxe6 Rxe6 22. Bh3 dxc4 23. Bxe6 fxe6 24. dxc4 Qxc4 25. Rbc1 Qa6 26. Rxc8+ Qxc8 27. Rc1 Qb8 28. Bxf6 gxf6 29. Qd7 Nf8 30. Qc7 Qa8 31. Qf4 Qd5 32. Qxf6 Qd2 33. Rc7 Qd1+ 34. Kg2 Qd5+ 35. Kh3 1-0

[Event "Norte Nordeste-ch Amateur U2000"]
[Site "Fortaleza"]
[Date "2019.04.28"]
[Round "6"]
[White "Mateus, Janete de Alcantara"]
[Black "Teixeira Junior, Gilberto Alves"]
[Result "0-1"]
[WhiteElo "1857"]
[BlackElo "1857"]
[PlyCount "116"]
[EventDate "2019.04.26"]
[EventType "swiss"]
[EventRounds "6"]
[EventCountry "BRA"]
[SourceTitle "EXT 2020"]
[Source "ChessBase"]
[SourceDate "2019.10.17"]
[SourceVersion "1"]
[SourceVersionDate "2019.10.17"]
[SourceQuality "1"]

1. c4 c5 2. Nc3 Nf6 3. g3 Nc6 4. Bg2 e6 5. e4 Be7 6. Nge2 d6 7. 0-0 0-0 8. d3 Qc7 9. b3 a6 10. Bb2 Nd4 11. Rc1 Rb8 12. Nf4 b5 13. cxb5 axb5 14. Nce2 Nxe2+ 15. Qxe2 e5 16. Nh3 Qa7 17. Ba1 Bg4 18. f3 Bd7 19. Nf2 Rfe8 20. Kh1 Rb6 21. f4 exf4 22. gxf4 Bc6 23. Ng4 Nd7 24. Rg1 Ra6 25. Nh6+ Kf8 26. Qg4 Nf6 27. Bxf6 Bxf6 28. Nf5 g6 29. Nh4 Rxa2 30. f5 Qe7 31. fxg6 hxg6 32. Nf3 Kg7 33. Rgf1 Be5 34. Ng5 f6 35. Nh3 Bd7 36. Qf3 Rh8 37. Nf4 g5 38. Nh5+ Kg6 39. Ng3 g4 40. Qe3 Rxh2+ 41. Kxh2 Qh7+ 42. Kg1 Bd4 43. Qxd4 cxd4 44. Rc7 Rxg2+ 45. Kxg2 Qh3+ 46. Kf2 Qh2+ 47. Ke1 Qxg3+ 48. Rf2 Qe3+ 49. Re2 Qg1+ 50. Kd2 Be6 51. Re1 Qh2+ 52. Re2 Qf4+ 53. Ke1 g3 54. Rcc2 Bxb3 55. Rcd2 b4 56. e5 dxe5 57. Re4 Qf3 58. Rh4 Qe3+ 0-1

[Event "Maraba op 3rd"]
[Site "Maraba"]
[Date "2016.04.24"]
[Round "7"]
[White "Mateus, Janete de Alcantara"]
[Black "Silva, Janio Santos"]
[Result "1/2-1/2"]
[WhiteElo "1860"]
[BlackElo "1958"]
[PlyCount "116"]
[EventDate "2016.04.21"]
[EventType "swiss"]
[EventRounds "7"]
[EventCountry "BRA"]
[SourceTitle "CBM 172 Extra"]
[Source "ChessBase"]
[SourceDate "2016.06.21"]
[SourceVersion "1"]
[SourceVersionDate "2016.06.21"]
[SourceQuality "1"]

1. c4 e5 2. Nc3 Nf6 3. g3 c6 4. Bg2 d5 5. cxd5 cxd5 6. d3 Nc6 7. Bg5 Be6 8. Nf3 Be7 9. 0-0 0-0 10. a3 h6 11. Bd2 Qd7 12. e3 Bg4 13. Qc1 Rac8 14. Qe1 Rfd8 15. d4 Bxf3 16. Bxf3 exd4 17. exd4 Nxd4 18. Qd1 Nxf3+ 19. Qxf3 d4 20. Nd1 Qc6 21. Kg2 Qxf3+ 22. Kxf3 Rc2 23. Re1 Kf8 24. Bb4 Bxb4 25. axb4 a6 26. Ra3 d3 27. Rc3 g5 28. g4 Rd4 29. h3 Rf4+ 30. Kg2 Rd4 31. Ne3 Rxb2 32. Nf5 Rd8 33. Rd1 Nd5 34. Rc4 Kg8 35. Kf3 Kh7 36. Rxd3 Nb6 37. Rcd4 Rxd4 38. Rxd4 Rb3+ 39. Kg2 Rc3 40. Nxh6 Kxh6 41. Rd6+ Kg7 42. Rxb6 Rc7 43. Kg3 f6 44. f3 Kf7 45. h4 Kg7 46. h5 Re7 47. Rd6 Rc7 48. Rd3 b6 49. Rd6 Rb7 50. f4 a5 51. bxa5 bxa5 52. fxg5 fxg5 53. Rg6+ Kh7 54. Rxg5 Ra7 55. Rc5 a4 56. Rc2 a3 57. Ra2 Ra4 58. Kf3 Kh6 1/2-1/2

[Event "Maraba op 3rd"]
[Site "Maraba"]
[Date "2016.04.22"]
[Round "3"]
[White "Santos, Mayron Reno Leao"]
[Black "Mateus, Janete de Alcantara"]
[Result "0-1"]
[WhiteElo "1800"]
[BlackElo "1860"]
[PlyCount "28"]
[EventDate "2016.04.21"]
[EventType "swiss"]
[EventRounds "7"]
[EventCountry "BRA"]
[SourceTitle "CBM 172 Extra"]
[Source "ChessBase"]
[SourceDate "2016.06.21"]
[SourceVersion "1"]
[SourceVersionDate "2016.06.21"]
[SourceQuality "1"]

1. d3 d5 2. Nf3 Nf6 3. g3 Nc6 4. Bg2 Bg4 5. Nbd2 Qd7 6. 0-0 e5 7. c3 0-0-0 8. d4 e4 9. Ne5 Nxe5 10. dxe5 Nh5 11. b3 Bc5 12. Kh1 Qe6 13. f3 Nxg3+ 14. hxg3 Qh6+ 0-1

[Event "Fortaleza Schoonenborch U2000"]
[Site "Fortaleza"]
[Date "2016.02.13"]
[Round "4"]
[White "Lima, Antonio Stenio Patr"]
[Black "Mateus, Janete de Alcantara"]
[Result "1-0"]
[WhiteElo "1800"]
[BlackElo "1841"]
[PlyCount "89"]
[EventDate "2016.02.11"]
[EventType "swiss"]
[EventRounds "6"]
[EventCountry "BRA"]
[SourceTitle "CBM 170 Extra"]
[Source "ChessBase"]
[SourceDate "2016.02.25"]
[SourceVersion "1"]
[SourceVersionDate "2016.02.25"]
[SourceQuality "1"]

1. e4 c5 2. Nf3 Nc6 3. d4 cxd4 4. Nxd4 a6 5. Nc3 g6 6. Be3 Bg7 7. Bc4 e6 8. Qd2 Qc7 9. Bb3 Nf6 10. f3 0-0 11. 0-0-0 b5 12. g4 Bb7 13. h4 Na5 14. Kb1 Nc4 15. Bxc4 bxc4 16. h5 d5 17. e5 Nxg4 18. fxg4 Qxe5 19. hxg6 fxg6 20. Rhe1 Rae8 21. Bh6 Qd6 22. Bxg7 Kxg7 23. Rf1 Bc8 24. Nf3 Bd7 25. Qg5 Rb8 26. Qe5+ Qxe5 27. Nxe5 Be8 28. Rxf8 Kxf8 29. g5 Ke7 30. Kc1 Kd6 31. Nxc4+ Kc5 32. Ne5 Rd8 33. Ne4+ Kb6 34. Nf6 Ba4 35. b3 Bc6 36. Rh1 d4 37. Rxh7 d3 38. Nxd3 Bf3 39. Rh6 Be2 40. Kd2 Bf3 41. Ke3 Bd1 42. Kd2 Bf3 43. Rxg6 e5 44. Ng4+ Kc7 45. Ngxe5 1-0

[Event "Petrolina Associacao San Franciscana"]
[Site "Petrolina"]
[Date "2015.11.01"]
[Round "4.2"]
[White "Mateus, Janete de Alcantara"]
[Black "De Santana, Emidio Jose Alves"]
[Result "1/2-1/2"]
[WhiteElo "1864"]
[BlackElo "1925"]
[PlyCount "136"]
[EventDate "2015.10.30"]
[EventType "swiss"]
[EventRounds "5"]
[EventCountry "BRA"]
[SourceTitle "EXT 2022"]
[Source "ChessBase"]
[SourceDate "2021.10.06"]
[SourceVersion "1"]
[SourceVersionDate "2021.10.06"]
[SourceQuality "1"]

1. d4 c6 2. Nf3 d5 3. g3 h6 4. Bg2 Bf5 5. 0-0 Nf6 6. c3 e6 7. Bf4 Bd6 8. Bxd6 Qxd6 9. Qb3 Qc7 10. Nbd2 0-0 11. Rfe1 Ne4 12. Rac1 Qb6 13. Qxb6 axb6 14. a3 b5 15. Nb3 Nd7 16. Nfd2 Nxd2 17. Nxd2 Nb6 18. e4 dxe4 19. Bxe4 Bxe4 20. Nxe4 Nc4 21. Re2 Rfd8 22. Kg2 Kf8 23. Rce1 b6 24. f4 Rd5 25. Rf1 Rad8 26. Rf3 Nd6 27. Nxd6 R8xd6 28. g4 c5 29. dxc5 bxc5 30. Rfe3 Rd2 31. Kf3 Rxe2 32. Kxe2 g6 33. Rd3 Rb6 34. Rd8+ Kg7 35. Ke3 b4 36. axb4 cxb4 37. c4 g5 38. b3 gxf4+ 39. Kxf4 Kf6 40. h4 Ke7 41. Rd3 f6 42. Ke4 Rc6 43. Rd1 Rc5 44. Ra1 Rc7 45. Ra5 Rb7 46. Rh5 Ra7 47. Rb5 Ra1 48. Rxb4 Re1+ 49. Kf3 Rf1+ 50. Kg2 Rf4 51. Kg3 e5 52. Rb6 Rd4 53. c5 Rd3+ 54. Kf2 Rd4 55. Kf3 Rd3+ 56. Ke4 Rd4+ 57. Kf5 Rf4+ 58. Kg6 Rxg4+ 59. Kxh6 Rxh4+ 60. Kg6 Rg4+ 61. Kf5 Rf4+ 62. Kg6 e4 63. Rb4 Kd7 64. Rd4+ Kc6 65. b4 f5 66. Rd6+ Kc7 67. Re6 e3 68. Rxe3 Rxb4 1/2-1/2

[Event "Petrolina Associacao San Franciscana"]
[Site "Petrolina"]
[Date "2015.11.01"]
[Round "5.2"]
[White "Mateus, Janete de Alcantara"]
[Black "Santos, Gildemar de Oliveir"]
[Result "1-0"]
[WhiteElo "1864"]
[BlackElo "1795"]
[PlyCount "73"]
[EventDate "2015.10.30"]
[EventType "swiss"]
[EventRounds "5"]
[EventCountry "BRA"]
[SourceTitle "EXT 2022"]
[Source "ChessBase"]
[SourceDate "2021.10.06"]
[SourceVersion "1"]
[SourceVersionDate "2021.10.06"]
[SourceQuality "1"]

1. d4 Nf6 2. g3 g6 3. Bg2 Bg7 4. Nf3 d6 5. 0-0 0-0 6. c4 c6 7. Nc3 Nbd7 8. Re1 a6 9. e4 e5 10. d5 c5 11. Bd2 Rb8 12. a4 Ne8 13. Qc1 f5 14. Ng5 Nc7 15. f4 h6 16. Nf3 Kh7 17. Rb1 b5 18. axb5 axb5 19. fxe5 Nxe5 20. Nxe5 dxe5 21. Nxb5 Nxb5 22. cxb5 Qb6 23. Ra1 fxe4 24. Rxe4 c4+ 25. Be3 Qxb5 26. Rxc4 Qxb2 27. Rc7 Qxc1+ 28. Raxc1 Bf5 29. h3 Rb1 30. Rxb1 Bxb1 31. d6 Rd8 32. Bc5 Bf5 33. g4 Bd7 34. Be4 Be6 35. Kf2 Bd7 36. Kg3 Be6 37. h4 1-0

[Event "Barbalha Aderson Borges Memorial 10th"]
[Site "Barbalha"]
[Date "2015.09.20"]
[Round "4.4"]
[White "Mateus, Janete de Alcantara"]
[Black "Lennon, Aleister Edward Ale"]
[Result "0-1"]
[WhiteElo "1864"]
[BlackElo "2072"]
[PlyCount "28"]
[EventDate "2015.09.20"]
[EventType "swiss"]
[EventRounds "5"]
[EventCountry "BRA"]
[SourceTitle "EXT 2022"]
[Source "ChessBase"]
[SourceDate "2021.10.06"]
[SourceVersion "1"]
[SourceVersionDate "2021.10.06"]
[SourceQuality "1"]

1. d4 d5 2. Nf3 Nf6 3. g3 c6 4. Bg2 Bf5 5. 0-0 e6 6. Nbd2 Bd6 7. b3 0-0 8. c4 h6 9. Bb2 Nbd7 10. Re1 Ne4 11. Rc1 Ndf6 12. a3 Nxf2 13. Kxf2 Ng4+ 14. Kg1 Ne3 0-1

[Event "Carvalho Memorial op 9th"]
[Site "Juazeiro do Norte"]
[Date "2014.09.20"]
[Round "3"]
[White "Lopes, Bianca Luanna Barro"]
[Black "Mateus, Janete de Alcantara"]
[Result "0-1"]
[WhiteElo "1773"]
[BlackElo "1902"]
[PlyCount "82"]
[EventDate "2014.09.19"]
[EventType "swiss"]
[EventRounds "6"]
[EventCountry "BRA"]
[SourceTitle "CBM 162 Extra"]
[Source "ChessBase"]
[SourceDate "2014.10.17"]
[SourceVersion "1"]
[SourceVersionDate "2014.10.17"]
[SourceQuality "1"]

1. e4 c5 2. Nc3 Nc6 3. Bb5 a6 4. Bc4 Nf6 5. Bd5 d6 6. d3 g6 7. f4 Bg7 8. Nf3 Qc7 9. a3 Nd4 10. Nxd4 cxd4 11. Ne2 Nxd5 12. exd5 Bd7 13. Bd2 0-0 14. 0-0 Qc5 15. Rc1 Qxd5 16. c4 Qf5 17. Be1 Bc6 18. Qd2 Qd7 19. Ng3 f5 20. Qf2 e5 21. Rd1 Rae8 22. Ne2 Rf7 23. b3 Ree7 24. Bb4 Re6 25. Rfe1 Qd8 26. a4 Qb6 27. Bd2 Qxb3 28. Qg3 Qb6 29. Rb1 Qc7 30. a5 e4 31. Bb4 exd3 32. Qxd3 Be4 33. Qd1 Bxb1 34. Qxb1 Rxe2 35. Qc1 Rxe1+ 36. Bxe1 Qc5 37. Bf2 d5 38. Qd2 dxc4 39. h3 Qd5 40. Qc1 d3 41. Qb2 Bxb2 0-1

[Event "Tiradentes op"]
[Site "Tiradentes"]
[Date "2014.04.21"]
[Round "7"]
[White "Mateus, Janete de Alcantara"]
[Black "Souza E Silva, Francisco Welling"]
[Result "1-0"]
[WhiteElo "1899"]
[BlackElo "1989"]
[PlyCount "106"]
[EventDate "2014.04.18"]
[EventType "swiss"]
[EventRounds "7"]
[EventCountry "BRA"]
[SourceTitle "CBM 160 Extra"]
[Source "ChessBase"]
[SourceDate "2014.07.01"]
[SourceVersion "1"]
[SourceVersionDate "2014.07.01"]
[SourceQuality "1"]

1. d4 e6 2. c4 f5 3. Nf3 Nf6 4. Nc3 Bb4 5. Bg5 0-0 6. a3 Bxc3+ 7. bxc3 c5 8. d5 Qa5 9. Qb3 Ne4 10. Rc1 b6 11. e3 Nxg5 12. Nxg5 e5 13. Be2 h6 14. Nf3 d6 15. 0-0 Bd7 16. Qc2 Qa4 17. Qd2 Bc8 18. Nh4 Ba6 19. Qa2 Nd7 20. Nf3 e4 21. Nd2 Ne5 22. f3 exf3 23. gxf3 Qe8 24. Rce1 Qe7 25. f4 Nd7 26. Bd3 Nf6 27. Qc2 Ne4 28. Rf3 Rae8 29. Bxe4 fxe4 30. Rg3 Bc8 31. Re2 Bf5 32. Reg2 Rf7 33. Nf1 Qd7 34. Qd1 Bh3 35. Rf2 Qf5 36. Qa4 Ree7 37. Nd2 Rf6 38. Qd1 Rg6 39. Rxg6 Qxg6+ 40. Kh1 Qf5 41. Qg1 Rf7 42. Qg3 Rf6 43. Qh4 Rg6 44. Nf1 Qg4 45. Qxg4 Bxg4 46. Ng3 Bf3+ 47. Kg1 Rg4 48. Kf1 g6 49. a4 h5 50. Ke1 h4 51. Nf1 Rg1 52. Kd2 h3 53. Ng3 Ra1 1-0

[Event "Tiradentes op"]
[Site "Tiradentes"]
[Date "2014.04.19"]
[Round "4"]
[White "Mateus, Janete de Alcantara"]
[Black "Polack, Walter Friedrich Jr"]
[Result "1/2-1/2"]
[WhiteElo "1899"]
[BlackElo "2095"]
[PlyCount "118"]
[EventDate "2014.04.18"]
[EventType "swiss"]
[EventRounds "7"]
[EventCountry "BRA"]
[SourceTitle "CBM 160 Extra"]
[Source "ChessBase"]
[SourceDate "2014.07.01"]
[SourceVersion "1"]
[SourceVersionDate "2014.07.01"]
[SourceQuality "1"]

1. d4 c5 2. Nf3 Nf6 3. Nc3 g6 4. e4 cxd4 5. Nxd4 d6 6. Bc4 Bg7 7. 0-0 0-0 8. Re1 a6 9. a4 Nc6 10. a5 Nxa5 11. Bd5 e6 12. Ba2 Nc6 13. Be3 Bd7 14. Nf3 Qc7 15. Na4 Nb4 16. c3 Nxa2 17. Rxa2 Bxa4 18. Rxa4 b5 19. Rd4 d5 20. e5 Ne4 21. Bf4 f5 22. h4 h6 23. Qc1 Kh7 24. Qe3 Qe7 25. Kh1 a5 26. Ra1 a4 27. Rb4 Rab8 28. Kg1 Rb7 29. Nd4 Rfb8 30. Nc6 Qxh4 31. Nxb8 Rxb8 32. Raxa4 g5 33. Bh2 f4 34. Qe2 Rf8 35. Rxe4 bxa4 36. Rxa4 Rf5 37. Ra7 g4 38. Qd3 Qg5 39. Kf1 f3 40. Qe3 Qh4 41. Kg1 fxg2 42. Kxg2 Qh3+ 43. Qxh3 gxh3+ 44. Kg1 Kg6 45. Re7 Rg5+ 46. Bg3 Kf5 47. Kh2 Bxe5 48. f4 Rg7 49. Rxg7 Bxg7 50. Kxh3 Ke4 51. Kg4 Bf6 52. Be1 Kd3 53. b4 Kc4 54. Kh5 e5 55. fxe5 Bxe5 56. Kxh6 d4 57. cxd4 Bxd4 58. Kg6 Be5 59. Kf5 Bd6 1/2-1/2

[Event "Farias Brito Cearense-ch 55th"]
[Site "Farias Brito"]
[Date "2013.12.15"]
[Round "5"]
[White "Lemos, Anderson Willian Pe"]
[Black "Mateus, Janete de Alcantara"]
[Result "0-1"]
[WhiteElo "1835"]
[BlackElo "1872"]
[PlyCount "58"]
[EventDate "2013.12.12"]
[EventType "swiss"]
[EventRounds "6"]
[EventCountry "BRA"]
[SourceTitle "CBM 158 Extra"]
[Source "ChessBase"]
[SourceDate "2014.02.28"]
[SourceVersion "1"]
[SourceVersionDate "2014.02.28"]
[SourceQuality "1"]

1. e4 c5 2. Nf3 d6 3. d4 cxd4 4. Nxd4 Nf6 5. Nc3 g6 6. Be2 Bg7 7. 0-0 Nbd7 8. Kh1 a6 9. f4 Qc7 10. Bf3 h5 11. Be3 Rb8 12. Qd2 Qa5 13. Nb3 Qc7 14. Nd1 Ng4 15. Bg1 Ndf6 16. h3 Bh6 17. Nf2 Bd7 18. Nd3 Bb5 19. Nd4 Bd7 20. Qd1 Rd8 21. Bf2 d5 22. e5 Ne4 23. Bxg4 hxg4 24. h4 g5 25. f5 g3 26. Be1 Bg7 27. Nf3 g4 28. Nd2 Rxh4+ 29. Kg1 Qb6+ 0-1

[Event "Serra Talhada op 1st"]
[Site "Serra Talhada"]
[Date "2012.11.18"]
[Round "7"]
[White "Vasconcelos, Jose Armando Sales"]
[Black "Mateus, Janete de Alcantara"]
[Result "1/2-1/2"]
[WhiteElo "2143"]
[BlackElo "1876"]
[PlyCount "123"]
[EventDate "2012.11.15"]
[EventType "swiss"]
[EventRounds "7"]
[EventCountry "BRA"]
[SourceTitle "EXT 2014"]
[Source "ChessBase"]
[SourceDate "2013.11.20"]
[SourceVersion "1"]
[SourceVersionDate "2013.11.20"]
[SourceQuality "1"]

1. e4 c5 2. Nc3 Nc6 3. f4 d6 4. Nf3 a6 5. a4 g6 6. Bc4 Bg4 7. Bxf7+ Kd7 8. Bc4 e6 9. 0-0 Bg7 10. h3 h5 11. Ne2 Nd4 12. Nexd4 Bxd4+ 13. Kh1 Qe7 14. c3 Bg7 15. a5 Nf6 16. d3 Kc7 17. Kg1 Rae8 18. Qe1 Bxf3 19. Rxf3 Rhf8 20. Bd2 Nd7 21. Rc1 Kb8 22. Qg3 h4 23. Qf2 e5 24. f5 g5 25. Be6 Bf6 26. Be3 Rc8 27. Qd2 Rc7 28. g4 Rd8 29. b4 Nf8 30. Bd5 Rdc8 31. Rff1 cxb4 32. cxb4 Rxc1 33. Rxc1 Rxc1+ 34. Qxc1 Nd7 35. Be6 d5 36. Bxd7 Qxd7 37. Bc5 dxe4 38. dxe4 Qd3 39. Qe3 Qd1+ 40. Kg2 Qc2+ 41. Kf1 Qd1+ 42. Kf2 Qc2+ 43. Ke1 Qc4 44. Kd1 Kc8 45. Bb6 Qxb4 46. Qc1+ Kd7 47. Qc7+ Ke8 48. Qc8+ Kf7 49. Qxb7+ Be7 50. Qd5+ Kf8 51. Qd3 Qa4+ 52. Ke2 Qa2+ 53. Kd1 Qa4+ 54. Kd2 Qa1 55. Qb3 Qf1 56. Qd3 Qa1 57. Kc2 Qa2+ 58. Kd1 Qa1+ 59. Ke2 Qb2+ 60. Qd2 Qb5+ 61. Qd3 Qb2+ 62. Qd2 1/2-1/2

[Event "Serra Talhada op"]
[Site "Serra Talhada"]
[Date "2012.11.17"]
[Round "5"]
[White "De Lima, Carlos Alexandre"]
[Black "Mateus, Janete de Alcantara"]
[Result "1-0"]
[WhiteElo "2101"]
[BlackElo "1876"]
[PlyCount "73"]
[EventDate "2012.11.15"]
[EventType "swiss"]
[EventRounds "7"]
[EventCountry "BRA"]
[SourceTitle "CBM 151 Extra"]
[Source "ChessBase"]
[SourceDate "2012.12.18"]
[SourceVersion "1"]
[SourceVersionDate "2012.12.18"]
[SourceQuality "1"]

1. e4 c5 2. Nf3 Nc6 3. d4 cxd4 4. Nxd4 Nf6 5. Nc3 g6 6. Be3 d6 7. Be2 Bg7 8. Qd2 0-0 9. 0-0-0 a6 10. f3 Bd7 11. g4 b5 12. h4 b4 13. Nd5 Nxd4 14. Bxd4 Nxd5 15. Bxg7 Kxg7 16. exd5 Qa5 17. Kb1 Rac8 18. h5 Rh8 19. h6+ Kf8 20. f4 f6 21. Rhe1 Qc5 22. Bxa6 Rc7 23. Qe2 Be8 24. Rd3 Bf7 25. Re3 Qa7 26. Bc4 Ke8 27. Bb3 Kd8 28. Re4 Qb7 29. Qd2 Rc5 30. Rxb4 Qc7 31. Rbe4 Re8 32. Ba4 Rxd5 33. Qe2 Ra5 34. Bxe8 Bxa2+ 35. Kc1 Bb3 36. c3 Rd5 37. Bf7 1-0

[Event "Serra Talhada op"]
[Site "Serra Talhada"]
[Date "2012.11.17"]
[Round "6"]
[White "Mateus, Janete de Alcantara"]
[Black "Monte, Edmar Ferreira"]
[Result "1-0"]
[WhiteElo "1876"]
[BlackElo "1726"]
[PlyCount "53"]
[EventDate "2012.11.15"]
[EventType "swiss"]
[EventRounds "7"]
[EventCountry "BRA"]
[SourceTitle "CBM 151 Extra"]
[Source "ChessBase"]
[SourceDate "2012.12.18"]
[SourceVersion "1"]
[SourceVersionDate "2012.12.18"]
[SourceQuality "1"]

1. c4 e5 2. Nc3 Nf6 3. g3 d5 4. cxd5 Nxd5 5. Bg2 Nxc3 6. bxc3 Bd6 7. Rb1 c6 8. Nf3 0-0 9. 0-0 Nd7 10. Qc2 Nf6 11. Re1 Qc7 12. Bb2 Be6 13. c4 b6 14. a4 a5 15. d4 exd4 16. Nxd4 Bd7 17. Rbd1 Bb4 18. Rf1 Rac8 19. Nf5 Ne8 20. Rd4 Bxf5 21. Qxf5 Qe7 22. Qxc8 Qxe2 23. Re4 Qxb2 24. Rxe8 Qc3 25. Rxf8+ Bxf8 26. Qxc6 Qb4 27. Bd5 1-0